[Event "Top 12 FRA-chT 2017"]
[Site "Chartres"]
[Date "2017.05.19"]
[Round "2"]
[White "Dorfman, Iossif"]
[Black "Brunner, Nicolas"]
[Result "1/2-1/2"]
[WhiteElo "2560"]
[BlackElo "2459"]
[Annotator "TA"]
[PlyCount "64"]
[EventDate "2017.??.??"]
[EventType "team-tourn"]
[EventCountry "FRA"]
[SourceTitle "playchess.com"]
[Source "ChessBase"]
[SourceQuality "1"]
[WhiteTeam "Grasse Echecs"]
[BlackTeam "Vandoeuvre"]

{[%evp 17,64,25,32,29,25,25,25,14,24,32,35,20,39,26,35,36,42,15,18,7,31,34,36,6,12,6,14,6,40,10,10,10,12,13,20,13,13,19,23,24,16,0,0,0,19,18,17,0,0]} 1. d4 d5 2. c4 e6 3. Nf3 c6 4. Nbd2 f5 5. g3 Nf6 6. Bg2 Bd6 7. O-O {A90: Dutch Defence: Miscellaneous and Modern Stonewall (with ...Bd6)} Qe7 8. Ne5 O-O 9. Ndf3 b6 {LiveBook: 6 Games} 10. Bf4 Bb7 11. Qb3 c5 $146 ({Predecessor:} 11... Ne4 12. h4 c5 13. dxc5 Nxc5 14. Qe3 Ne4 15. cxd5 Bxd5 16. Nd3 Nd7 17. Bxd6 Nxd6 {1-0 (57) Markus,R (2616)-Podinic,V (2400) Vrnjacka Banja 2010}) 12. dxc5 Bxc5 13. Rfd1 dxc4 14. Nxc4 Ne4 15. Be3 Nd7 {[%cal Bb8d7,Bd7c5,Bc5e4][%mdl 32]} 16. Bxc5 Ndxc5 17. Qe3 Rad8 18. Nfe5 Rxd1+ 19. Rxd1 {[#] Threatens to win with b4.} Rd8 20. Rxd8+ Qxd8 21. Bxe4 Nxe4 22. f3 Nf6 23. Qd2 (23. Qa3 {with more complications.} Bd5 24. Ne3 Qc7 25. Nd3 b5 26. Qa6) 23... Qxd2 24. Nxd2 $11 {[%mdl 4096] Endgame KBN-KNN} Kf8 25. Kf2 Ke7 26. Ke3 Nd5+ 27. Kd4 Nc7 28. a4 Na6 29. Nb1 {The position is equal.} Nc5 30. Nc3 a5 31. Nc4 Nd7 32. Ne5 Nc5 {Precision: White = 57%, Black = 69%.} 1/2-1/2

[Event "Top 12 FRA-chT 2017"]
[Site "Chartres"]
[Date "2017.05.19"]
[Round "2"]
[White "Libiszewski, Fabien"]
[Black "Nezar, Mustapha"]
[Result "1/2-1/2"]
[WhiteElo "2544"]
[BlackElo "2354"]
[Annotator "TA"]
[PlyCount "54"]
[EventDate "2017.??.??"]
[EventType "team-tourn"]
[EventCountry "FRA"]
[SourceTitle "playchess.com"]
[Source "ChessBase"]
[SourceQuality "1"]
[WhiteTeam "Grasse Echecs"]
[BlackTeam "Vandoeuvre"]

{[%evp 22,54,31,18,39,0,14,0,0,0,0,-4,0,0,0,-5,-6,-6,-2,-4,0,0,0,0,0,0,0,-14,-19,-13,-10,-37,-37,-37,-37]} 1. Nf3 Nf6 2. c4 g6 3. g3 Bg7 4. Bg2 O-O 5. O-O d6 6. d4 Nc6 7. Nc3 e5 8. dxe5 Nxe5 9. Nxe5 dxe5 10. Qxd8 Rxd8 11. Bg5 Rd4 12. b3 c6 {E62: King's Indian: Fianchetto: 6...c6 and Panno Variation (6...Nc6) without ...a6} 13. Rad1 Be6 14. Be3 Rxd1 {The position is equal.} 15. Rxd1 Bf8 16. Ne4 $146 ({Predecessor:} 16. Bg5 Kg7 17. Bc1 Ne8 18. Ne4 f6 19. Bb2 {0-1 (58) Wheeler,C (2398)-Shimanov,A (2642) chess.com INT 2017}) 16... Nxe4 17. Bxe4 f5 18. Bc2 Kf7 19. Kg2 Ba3 20. Bg5 Be7 21. h4 a5 22. e4 fxe4 23. Bxe4 a4 24. Bc2 axb3 25. Bxb3 Bc5 26. Rd8 Rxd8 27. Bxd8 Bf5 {Precision: White = 41%, Black = 100%.} 1/2-1/2

[Event "Top 12 FRA-chT 2017"]
[Site "Chartres"]
[Date "2017.05.19"]
[Round "2"]
[White "Pelletier, Yannick"]
[Black "Vitoux, Colomban"]
[Result "0-1"]
[WhiteElo "2543"]
[BlackElo "2382"]
[Annotator "TA"]
[PlyCount "46"]
[EventDate "2017.??.??"]
[EventType "team-tourn"]
[EventCountry "FRA"]
[SourceTitle "playchess.com"]
[Source "ChessBase"]
[SourceQuality "1"]
[WhiteTeam "Bischwiller"]
[BlackTeam "Strasbourg"]

{[%evp 29,46,-260,-265,-296,-292,-290,-297,-287,-289,-307,-308,-307,-303,-296,-295,-285,-285,-293,-263]} 1. d4 d5 2. c4 c6 3. Nc3 Nf6 4. e3 e6 5. Nf3 Nbd7 6. Qc2 Bd6 7. b3 O-O 8. Be2 {[%cal Bf1e2,Be2f3,Bf3d5][%mdl 32]} e5 9. cxd5 Nxd5 10. Nxd5 cxd5 11. dxe5 Nxe5 12. O-O {D45: Semi-Slav: 5 e3} Nxf3+ 13. Bxf3 Qh4 14. g3 Qf6 15. Bxd5 {[#]} Bf5 $1 {[%cal Bc8f5,Bf5c2,Bc2d1][%mdl 32] LiveBook: 9 Games. Black has a decisive advantage.} (15... Qxa1 $2 {too greedy.} 16. Bb2 $18) 16. Bb2 Bxc2 17. Bxf6 gxf6 18. Bxb7 Rab8 19. Ba6 Ba3 20. Rae1 $146 Rfd8 21. Re2 Bd1 22. Ree1 Bg4 23. f3 Rb6 0-1

[Event "Top 12 FRA-chT 2017"]
[Site "Chartres"]
[Date "2017.05.19"]
[Round "2"]
[White "Rozentalis, Eduardas"]
[Black "Maze, Sebastien"]
[Result "1/2-1/2"]
[WhiteElo "2535"]
[BlackElo "2619"]
[Annotator "TA"]
[PlyCount "53"]
[EventDate "2017.??.??"]
[EventType "team-tourn"]
[EventCountry "FRA"]
[SourceTitle "playchess.com"]
[Source "ChessBase"]
[SourceQuality "1"]
[WhiteTeam "Strasbourg"]
[BlackTeam "Bischwiller"]

{[%evp 17,53,33,25,34,40,20,61,12,17,18,23,6,33,4,36,22,25,27,27,8,9,6,47,8,22,19,47,0,0,-5,0,-7,7,6,7,9,0,0]} 1. e4 e5 2. Nf3 Nc6 3. Bb5 Nf6 4. d3 d6 5. O-O Be7 6. c3 O-O 7. Re1 a6 8. Ba4 b5 9. Bc2 d5 {LiveBook: 84 Games} 10. Nbd2 {[%cal Bb1d2,Bd2f1,Bf1g3][%mdl 32] C84: Closed Ruy Lopez: Unusual White 6th moves} d4 11. a3 $146 ({Predecessor:} 11. Nb3 a5 12. a4 bxa4 13. Rxa4 dxc3 14. bxc3 Nd7 15. Be3 Nb6 16. Ra1 Bd6 17. Nbd2 f5 18. Bxb6 cxb6 {1-0 (29) Carlsen,M (2838)-Ghosh,D (2581) chess.com INT 2017}) 11... h6 12. Nf1 {White is slightly better.} Re8 13. Ng3 Bf8 14. h3 Rb8 15. Bd2 Qd6 16. cxd4 Nxd4 17. Nxd4 Qxd4 18. b4 (18. Be3 $5 {[%cal Re3d4]} Qd8 19. d4 $14) 18... Be6 19. Be3 Qd8 20. Bb3 Qd7 21. Qc2 Rbc8 22. Bxe6 Rxe6 {The position is equal.} 23. Rad1 c5 24. bxc5 Bxc5 25. Bxc5 {[#] Hoping for d4.} Rec6 26. d4 exd4 27. e5 {Precision: White = 40%, Black = 46%.} 1/2-1/2

[Event "Top 12 FRA-chT 2017"]
[Site "Chartres"]
[Date "2017.05.19"]
[Round "2"]
[White "Sokolov, Andrei"]
[Black "Moucheroud, Jeremy"]
[Result "1-0"]
[WhiteElo "2519"]
[BlackElo "2197"]
[Annotator "TA"]
[PlyCount "53"]
[EventDate "2017.??.??"]
[EventType "team-tourn"]
[EventCountry "FRA"]
[SourceTitle "playchess.com"]
[Source "ChessBase"]
[SourceQuality "1"]
[WhiteTeam "Mulhouse Philidor"]
[BlackTeam "Montpellier"]

{[%evp 23,53,31,48,41,46,46,48,35,61,38,53,49,50,46,44,44,40,17,22,6,22,23,72,72,71,53,69,66,151,141,217,218]} 1. e4 c5 2. Nf3 {[%cal Bg1f3,Bf3d4,Bd4b3,Bb3d2,Bd2f1,Bf1e3][%mdl 32]} d6 3. d4 cxd4 4. Nxd4 Nf6 5. Nc3 a6 6. g3 e5 7. Nb3 Be7 8. Bg2 Nbd7 9. a4 b6 10. O-O Bb7 11. Re1 O-O 12. Nd2 Rc8 13. Nf1 {B91: Sicilian Najdorf: 6 g3} Qc7 (13... Rc4 14. Ne3 Rd4 15. Qe2 g6 16. Ned5 Nxd5 17. Nxd5 Bxd5 18. exd5 Qc7 19. b3 Bf6 20. Be3 Rb4 {½-½ (87) Movsesian,S (2659)-Huzman,A (2581) Minsk 2015}) 14. Ne3 g6 15. Re2 {White is slightly better.} Qc5 16. Bd2 Rfd8 {[#]} 17. Qb1 $146 ({Predecessor:} 17. Be1 Nf8 18. Ra3 Ne6 {1-0 (32) Erdogdu,M (2502)-Pankov,G (2353) Rijeka 2010}) 17... Qd4 18. Qa2 Bf8 (18... Nxe4 $2 19. Nxe4 Bxe4 20. Bc3 $18) 19. Rd1 Qc5 ({Don't blunder} 19... Bxe4 $2 20. Nxe4 (20. Be1 Bxg2 21. Rxd4 exd4 $18) 20... Nxe4 21. Be1 $18) ({But not} 19... Nxe4 $2 20. Be1 $18) 20. Be1 b5 21. Ncd5 Nxd5 22. Nxd5 Qc4 23. Qxc4 Rxc4 24. axb5 axb5 25. b3 Rcc8 {[#]} (25... Rc6 $14) 26. Ba5 $1 $16 Re8 (26... Bxd5 $16 {was necessary.} 27. Bxd8 (27. exd5 Re8 $14) 27... Bxb3) 27. Bh3 {Precision: White = 85%, Black = 40%.} 1-0

[Event "Top 12 FRA-chT 2017"]
[Site "Chartres"]
[Date "2017.05.19"]
[Round "2"]
[White "Sanikidze, Tornike"]
[Black "Rodshtein, Maxim"]
[Result "0-1"]
[WhiteElo "2518"]
[BlackElo "2698"]
[Annotator "TA"]
[PlyCount "76"]
[EventDate "2017.??.??"]
[EventType "team-tourn"]
[EventCountry "FRA"]
[SourceTitle "playchess.com"]
[Source "ChessBase"]
[SourceQuality "1"]
[WhiteTeam "Strasbourg"]
[BlackTeam "Bischwiller"]

{[%evp 9,76,26,39,26,38,20,18,20,16,15,24,22,25,24,20,15,21,16,16,0,0,-41,-39,-41,-35,-72,-85,-76,-65,-113,-100,-209,-193,-197,-71,-155,-153,-138,-144,-165,-166,-151,-150,-135,-165,-135,-138,-164,-156,-130,-95,-154,-92,-624,-479,-600,-581,-558,-208,-252,-58,-77,-93,-93,-8,-931,-507,-2223,-1554]} 1. d4 Nf6 2. c4 g6 3. f3 e6 (3... c5 4. d5 Bg7 5. e4 d6 6. Nc3 O-O 7. Bg5 h6 8. Be3 e6 9. Qd2 exd5 10. cxd5 Nh7 11. Bd3 Nd7 12. Nh3 Ne5 13. Nf2 f5 14. Be2 g5 15. exf5 Bxf5 16. h4 b5 17. hxg5 hxg5 18. Nxb5 Rb8 {0-1 (33) Najer,E (2682)-Mamedyarov,S (2772) Sochi 2017}) 4. e4 c5 5. d5 d6 6. Nc3 {E60: King's Indian: Unusual lines and Fianchetto Variation without Nc3} Bg7 7. Nge2 exd5 8. cxd5 {The position is equal.} Nbd7 9. Ng3 h5 {[%cal Bh7h5,Bh5h4][%mdl 32]} 10. Be2 Nh7 11. Be3 h4 12. Nf1 O-O 13. Nd2 $146 f5 14. exf5 Qe7 15. fxg6 (15. Bf2 {with more complications.} Ne5 16. O-O g5 17. Nde4 Bxf5 18. h3) 15... Qxe3 16. gxh7+ Kh8 $1 17. Nc4 Bxc3+ 18. bxc3 Qxc3+ 19. Kf2 b5 $1 {[%cal Rb5c4]} 20. Nxd6 (20. Qd2 $17 {was called for.} Qf6 21. Ne3) 20... Nf6 $1 $19 {[%cal Rf6g4]} 21. f4 Bd7 (21... Qb4 $19 22. g3 c4 23. Nxc4 (23. Nxc8 Qc5+ 24. Kf3 Raxc8 $19) 23... bxc4) 22. Rf1 (22. Bf3 $142 Ng4+ 23. Bxg4 Bxg4 24. Qxg4 Qd2+ 25. Kf3 Qxd5+ 26. Kf2 Qd4+ 27. Kf3 Qd3+ 28. Kf2 Qd4+ 29. Kf3 Qd5+ 30. Kf2 Qd4+) 22... Qb4 $1 $17 {[%cal Rb4f4][%mdl 1024] Black has strong compensation.} 23. Kg1 {Rb1 is the strong threat.} c4 24. Nb7 {Black must now prevent Qd4.} Rab8 $1 25. a3 Qe7 26. Na5 Qe3+ $1 27. Kh1 Ne4 $1 {[%cal Re4c3] Hoping for ...Nc3.} 28. Qe1 Nd2 $1 {[%cal Rd2f1]} 29. Rg1 {[%cal Bf1g1,Bg1c1,Bc1c3][%mdl 32]} Qxf4 30. Ra2 (30. Rd1 $142 Ne4 31. Rf1) 30... c3 {[#]} (30... Ne4 $142 $1 {[%cal Re4f2]} 31. Rf1 Qh6 32. Rxf8+ Rxf8) 31. Qa1 $2 {[%mdl 8192]} (31. Nb3 $1 $17 {[%mdl 512]} Ne4 (31... Nxb3 32. Qxc3+) 32. Rf1) 31... Qe3 32. Rc1 Ne4 33. Bh5 Qg5 $2 $40 {[%mdl 128] Black is out for blood.} (33... h3 {Threatens to win with ...Rf2.} 34. Re1 Qd4) 34. Bf3 {[#]} Bf5 $2 (34... Ng3+ $1 $19 35. hxg3 hxg3 36. Qxc3+ Rf6) 35. Bxe4 Bxe4 36. Rxc3 Qg7 (36... Qf6 $17 {( -> ...Qf1+)} 37. h3 Bxd5) 37. Qe1 $2 {[%mdl 8192]} (37. Kg1 $11) 37... Bxd5 38. Re2 {[#]} (38. Nb3 $142 Rbe8 39. Qa1) 38... Rbe8 $1 {[%mdl 512] Precision: White = 39%, Black = 60%.} 0-1

[Event "Top 12 FRA-chT 2017"]
[Site "Chartres"]
[Date "2017.05.19"]
[Round "2"]
[White "Vernay, Clovis"]
[Black "Colin, Vincent"]
[Result "1/2-1/2"]
[WhiteElo "2501"]
[BlackElo "2381"]
[Annotator "TA"]
[PlyCount "77"]
[EventDate "2017.??.??"]
[EventType "team-tourn"]
[EventCountry "FRA"]
[SourceTitle "playchess.com"]
[Source "ChessBase"]
[SourceQuality "1"]
[WhiteTeam "Bois-Colombes"]
[BlackTeam "Lisieux"]

{[%evp 18,77,15,6,41,40,35,23,80,83,107,81,81,72,73,39,55,49,47,47,56,0,43,3,39,65,186,186,180,100,133,135,190,176,184,146,164,155,147,131,298,296,282,262,259,253,322,314,342,343,358,358,354,338,313,124,104,113,160,-44,-49,-86]} 1. d4 Nf6 2. c4 g6 3. Nc3 Bg7 4. e4 d6 5. f3 O-O 6. Be3 a6 7. Qd2 Nc6 8. Nge2 Na5 {E83: King's Indian: Sämisch Panno (6...Nc6): Lines without either Nge2 or Qd2} 9. Ng3 b5 10. Bh6 {LiveBook: 11 Games} b4 $146 {The position is equal.} ({Predecessor:} 10... Be6 11. d5 Bd7 12. c5 c6 13. cxd6 exd6 14. dxc6 Bxc6 15. Bxg7 Kxg7 16. Rd1 b4 17. Nce2 b3 18. a3 d5 19. Nd4 dxe4 20. Ndf5+ Kh8 21. Qc3 {1-0 (21) Vitiugov,N (2691)-Efimenko,Z (2689) St Petersburg 2012}) 11. Bxg7 Kxg7 12. Nd5 Nxd5 (12... c5 $1 $11 {remains equal.}) 13. cxd5 $16 c6 14. dxc6 ({Much weaker is} 14. Qxb4 $6 cxd5 15. Rc1 dxe4 $11) 14... Nxc6 15. d5 Ne5 16. f4 Ng4 17. h3 Nf6 18. Qxb4 Bd7 19. Bc4 (19. Qd4 $14) 19... Qc7 (19... Rb8 $5 {[%cal Rb8b4]} 20. Qd2 Bb5 21. Bxb5 Rxb5 $11) 20. O-O $36 {[%mdl 2048] White has good play.} Rfc8 {Strongly threatening ...Rab8.} (20... Rab8 $5 21. Qc3 $8 Rfc8 $14) 21. b3 Qa7+ {[#]} (21... Bb5 $14) 22. Kh2 $1 $18 h5 23. Qe1 (23. e5 $18 Ng4+ 24. hxg4 hxg4 25. Nh5+ gxh5 26. exd6 exd6 27. Qxd6) 23... Rh8 24. Rc1 Qd4 (24... Rae8 $16 25. Qc3 Bb5) 25. Rd1 Qc5 26. Rf2 {[%cal Bf1f2,Bf2c2,Bc2c4][%mdl 32]} h4 27. Nh1 Bb5 28. Rc2 Nd7 $2 {[#]} (28... Nh5 $16) 29. a4 {[%cal Ba2a4,Ba4a5][%mdl 32]} Bxc4 30. Rxc4 Qb6 31. Qc3+ f6 32. a5 Qb8 33. Rc1 Ra7 34. Nf2 Rb7 35. b4 Qa7 36. Qd4 $2 (36. Qf3 $18 {and White stays clearly on top.}) 36... Qxd4 $16 37. Rxd4 g5 38. f5 $2 ({Better is} 38. fxg5 $16 Ne5 39. gxf6+ Kxf6 40. Ng4+ Nxg4+ 41. hxg4) 38... Ne5 $15 {[%mdl 1024] Black has compensation.} 39. Ng4 {Precision: White = 58%, Black = 20%.} 1/2-1/2

[Event "Top 12 FRA-chT 2017"]
[Site "Chartres"]
[Date "2017.05.19"]
[Round "2"]
[White "Hamitevici, Vladimir"]
[Black "Apicella, Manuel"]
[Result "1-0"]
[WhiteElo "2487"]
[BlackElo "2515"]
[Annotator "TA"]
[PlyCount "77"]
[EventDate "2017.??.??"]
[EventType "team-tourn"]
[EventCountry "FRA"]
[SourceTitle "playchess.com"]
[Source "ChessBase"]
[SourceQuality "1"]
[WhiteTeam "Vandoeuvre"]
[BlackTeam "Grasse Echecs"]

{[%evp 18,77,47,46,106,92,91,102,131,100,95,88,146,124,138,128,162,148,175,174,201,141,172,144,137,136,138,138,329,288,292,278,297,137,180,181,143,140,200,222,259,239,391,416,768,689,652,590,583,561,704,663,783,795,884,862,29979,29980,29980,29981,2672,6422]} 1. e4 e6 2. d4 d5 3. Nd2 {[%cal Bb1d2,Bd2f1,Bf1e3,Be3g4][%mdl 32]} Nc6 4. Ngf3 Nf6 5. e5 Nd7 6. Be2 f6 7. exf6 Qxf6 8. Nf1 Bd6 9. Ne3 O-O 10. O-O Nb6 {C04: French Tarrasch: 3...Nc6} (10... Qg6 $14) 11. Ng4 $16 Qe7 (11... Qg6 12. h3 e5 13. Ngxe5 Bxe5 14. dxe5 Bxh3 15. Nh4 Qe4 16. f4 Qd4+ 17. Qxd4 Nxd4 18. Bd3 {1-0 (53) Ganguly,S (2646)-Smirnov,A (2464) Canberra 2016}) 12. Re1 e5 $146 {White is better.} ({Predecessor:} 12... Bd7 13. Bd3 Bf4 14. c3 Qf7 15. Bxf4 Qxf4 16. Nge5 Nxe5 17. Rxe5 Rf6 18. Qc2 {1-0 (27) Todorovic,G (2461)-Radovic,L (2276) Stari Banovci 2016}) 13. Bg5 Qf7 14. Ngxe5 Nxe5 (14... Bxe5 $142 15. dxe5 Nc4) 15. dxe5 Bc5 16. Bh4 h6 17. Bg3 Na4 18. Rb1 {[%cal Ba1b1,Bb1c1,Bc1c3][%mdl 32]} Bf5 19. Nd4 Be4 20. Bb5 Nb6 21. b4 Bxd4 22. Qxd4 Bxc2 $2 (22... Qe6 $16 23. Bd3 Bxd3) 23. Rbc1 Qg6 24. e6 c6 {[#]} 25. e7 (25. Rxc2 $1 $18 cxb5 26. Rc7) 25... Rfe8 26. Bf1 Bf5 27. b5 Rac8 {[#]} (27... Nc8 $16) 28. Rc3 $1 $18 Qg4 29. Bf4 c5 $2 (29... Qh4 {was called for.} 30. Qe5 Be4 31. Qe6+ Kh8) 30. Qe5 Bg6 {[#]} (30... Nd7 $142 31. Qxd5+ Kh7) 31. Bxh6 $1 {[%csl Gh6][%cal Re5g7][%mdl 512]} Qd4 {Threatens to win with ...Qxe5.} (31... gxh6 32. Rg3) 32. Qg3 Be4 33. Bg5 c4 34. Rce3 Nd7 35. Qd6 {Qe6+ would kill now.} Qe5 36. Qxd7 {Hoping for Rxe4!} Qxg5 37. Qe6+ Kh8 38. Rh3+ Bh7 {[#]} 39. Qxc8 $1 {[%mdl 512] Precision: White = 68%, Black = 22%.} 1-0

[Event "Top 12 FRA-chT 2017"]
[Site "Chartres"]
[Date "2017.05.19"]
[Round "2"]
[White "Wirig, Anthony"]
[Black "Adrian, Claude"]
[Result "1-0"]
[WhiteElo "2486"]
[BlackElo "2234"]
[Annotator "TA"]
[PlyCount "77"]
[EventDate "2017.??.??"]
[EventType "team-tourn"]
[EventCountry "FRA"]
[SourceTitle "playchess.com"]
[Source "ChessBase"]
[SourceQuality "1"]
[WhiteTeam "Grasse Echecs"]
[BlackTeam "Vandoeuvre"]

{[%evp 15,77,26,28,9,27,16,11,-8,72,82,96,98,126,124,184,163,206,191,200,202,259,281,242,232,304,296,263,270,296,284,331,334,485,347,343,339,447,454,446,428,431,438,488,485,486,465,587,580,714,714,683,699,929,802,896,866,1747,1702,2010,1968,2038,1912,29969,6265]} 1. d4 e6 2. Nf3 f5 3. g3 b6 4. Bg2 Bb7 5. O-O Nf6 6. c4 g6 7. Nc3 Bg7 {A84: Dutch Defence: 2 c4 Miscellaneous} 8. d5 Na6 {LiveBook: 6 Games} 9. Nd4 e5 $146 {The position is equal.} ({Predecessor:} 9... O-O 10. dxe6 Bxg2 11. Kxg2 c5 12. e7 Qxe7 13. Ndb5 Qe6 14. Qb3 Nb4 15. Kg1 Rfc8 16. Bf4 d5 17. Nd6 {½-½ (17) Vukic,M (2482)-Filipovic,B (2376) Neum 2004}) 10. Nc2 O-O 11. b4 d6 (11... e4 $11) 12. a4 $16 h6 13. Ra3 g5 14. f4 $36 {[%mdl 2048] White has strong initiative.} Nh7 (14... gxf4 $16 {was called for.} 15. gxf4 Nh5) 15. e4 $18 Bc8 {[#]} 16. fxg5 $1 Nxg5 17. h4 Nxe4 18. Nxe4 fxe4 19. Bxe4 {aiming for Rxf8+.} Bd7 20. Rxf8+ Qxf8 21. Qe2 Qc8 22. a5 bxa5 23. Rxa5 c5 (23... Bg4 {was worth a try.} 24. Qd3 Bh3) 24. b5 Nc7 25. Qh5 Be8 26. Qf3 Bd7 27. Ne3 Qf8 28. Nf5 Bxf5 29. Qxf5 ({Less strong is} 29. Bxf5 Qe8 $18) 29... Qxf5 30. Bxf5 Kf7 31. Bd7 e4 32. Bc6 Bd4+ 33. Kf1 Rc8 34. Bxh6 Kg6 35. Bf4 Be5 36. Bxe5 dxe5 37. Rxa7 Ne8 38. b6 Nd6 39. Ra8 {Precision: White = 89%, Black = 26%.} 1-0

[Event "Top 12 FRA-chT 2017"]
[Site "Chartres"]
[Date "2017.05.19"]
[Round "2"]
[White "Battaglini, Gabriel"]
[Black "Relange, Eloi"]
[Result "1-0"]
[WhiteElo "2475"]
[BlackElo "2464"]
[Annotator "TA"]
[PlyCount "65"]
[EventDate "2017.??.??"]
[EventType "team-tourn"]
[EventCountry "FRA"]
[SourceTitle "playchess.com"]
[Source "ChessBase"]
[SourceQuality "1"]
[WhiteTeam "Tremblay-En-France"]
[BlackTeam "Saint Quentin"]

{[%evp 15,65,31,38,17,73,89,128,117,118,122,112,115,112,112,112,103,156,166,274,247,238,131,272,264,277,278,289,264,264,268,272,133,135,103,213,210,210,214,200,222,217,203,206,201,173,183,6315,-91,12829,552,6917,3238]} 1. d4 Nf6 2. c4 g6 3. Nc3 Bg7 4. e4 d6 5. f3 O-O 6. Be3 a6 7. Nge2 c6 8. Qd2 b5 9. Bh6 {E81: King's Indian: Sämisch: 6th move deviations (including 6 Be3 c6)} bxc4 $146 (9... Bxh6 $11 10. Qxh6 Nbd7) (9... Nbd7 10. h4 Nb6 11. Ng3 e5 12. h5 Bxh6 13. Qxh6 exd4 14. Nce2 Nxc4 15. Nxd4 Qa5+ 16. Kf2 Qb6 {0-1 (30) Battaglini,G (2412)-Relange,E (2472) Belfort 2012}) ({Predecessor:} 9... e5 10. Bxg7 Kxg7 11. h4 h5 12. dxe5 dxe5 13. Qxd8 Rxd8 14. Nc1 Be6 15. Nb3 Ra7 16. Be2 Rc7 {½-½ (62) Iljushin,A (2515)-Fedoseev,V (2668) Moscow 2015}) 10. h4 $16 {[%cal Bh2h4,Bh4h5][%mdl 32]} c5 11. Bxg7 {White is better.} Kxg7 {[#]} 12. h5 $1 {[%mdl 512] Threatens to win with hxg6.} cxd4 (12... Nxh5 13. g4) 13. Nxd4 (13. Qxd4 Nc6 $15) 13... e5 14. hxg6 $1 fxg6 (14... exd4 $2 15. Qh6+ Kg8 16. Nd5 $18) 15. Nc2 (15. Bxc4 exd4 16. Qh6+ Kh8 $17) 15... Qc7 ({Black should play} 15... Be6) 16. O-O-O {[%mdl 1024] White has strong compensation.} Rd8 (16... Be6 $142 17. Qxd6 Qxd6 18. Rxd6 Bf7) 17. Qh6+ $18 (17. Nd5 Nxd5 18. Qxd5 Nc6 $14) 17... Kg8 18. g4 (18. f4 $18 exf4 19. Qxf4) 18... Be6 (18... Ra7 $16) 19. g5 $1 {[%cal Rg5f6]} Ne8 {[#]} 20. f4 $1 {[%cal Rf4f5][%mdl 512]} Qg7 {[#]} (20... exf4 21. Nd4) 21. f5 $1 {[%mdl 512]} Qxh6 (21... gxf5 22. Qxe6+) 22. Rxh6 ({Not} 22. gxh6 gxf5 23. exf5 Bf7 $14) 22... Bf7 23. f6 (23. Ne3 $18 {is more deadly.}) 23... Nc7 $16 24. Bh3 {And now Rh1 would win.} Nd7 (24... Ne6 $16 {was worth a try.}) 25. Rh1 {Strongly threatening Bxd7.} ({Inferior is} 25. Rxd6 Nc5 $11) 25... Nf8 {[#]} 26. Nb4 $1 Nce6 27. Bxe6 $1 Bxe6 28. Nc6 Rd7 29. Ne7+ Kh8 30. Ncd5 Rb8 $2 {[#]} (30... Bxd5 31. exd5 (31. Nxd5 Re8 $16) 31... Rc7) 31. Rxh7+ $3 $18 {[%mdl 512]} Nxh7 32. Nxg6+ Kg8 33. Nde7+ {Precision: White = 72%, Black = 48%.} 1-0